000 00641nam a2200241Ia 4500
003 OSt
005 20220918214145.0
006 a|||||r|||| 00| 0
007 ta
008 220917b |||||||| |||| 00| 0 eng d
024 _a136,050
037 _cTextual
040 _aARTS
_cARTS
_beng
041 _2eng
_aeng
082 _aX9.73.N7, K7
100 _aGalbraith John Kenneth
111 _aN
_9113963
245 0 _aNew industrial state
260 _aCalcutta
_bOxford University Press India
_c1967
650 _aECONOMICS
942 _hX9.73.N7, K7
_cTEXL
_2CC
999 _c259140
_d259140